000 00521nam a2200181Ia 4500
005 20250326140855.0
008 250326s9999 xx 000 0 und d
037 _aTextbook
040 _aFMSL
_beng
_cFMSL
041 _aeng
_2eng
084 _aS:52 N6
_qFMSL
100 _aParrott W G
_985896
245 0 _aEmotions: Social, cultural and biological dimensions
_cParrott W G; Harre R
260 _aNew Delhi
_bNew Delhi, Sage
_c1996
300 _a323p
942 _cTB
_hS:52 N6
999 _c1287682
_d1287682